00581nam a2200157Ia 4500008004100000020001800041041000800059082001600067100002400083245009000107260003200197300000900229500001000238999001700248952015800265220803s9999 xx 000 0 und d a9783869222820 aeng a712.092 PFA aPfammatter U924997 aBuilding For A Changing Culture And Climate : World Atlas Of Sustainable Architecture aBerlinbDom Publisherc2014 a584p aLANDS c15869d15869 001040738Book of M Arch EAaBNCAbBNCAd2015-08-26ePrincipalg5454.00o720.47 PFApBNCA-BK-9444r2022-08-03 00:00:00v5454.00w2015-08-12yRFzB09444